000 01406nam a2200361 a 4500
001 000114618
003 CHAP
005 20220329144450.0
008 180309s2017 mx a fsm |||||||spa d
010 _a111079
011 _a112051
040 _cCHAP
090 _aTesis
100 1 _aGonzález Ramírez, Alejandro
_9134828
245 1 0 _aRedes de innovación en el sistema de traspatio de la Ciudad de México /
_h[En línea]
_cpor Alejandro González Ramírez.
260 _aChapingo, Méx. :
_bEl autor,
_c2017.
500 _aPara ver el contenido del material haga clic en la liga
502 _aTesis (Lic. en Redes Agroalimentarias) -- UACH. Centro Regional Universitario Oriente
590 _aBATCH-UPD
_b05
_c20180313
_lUCH01
_h1001
590 _aE8697GMM
_b05
_c20180309
_lUCH01
_h1446
590 _aE8697GMM
_b05
_c20180309
_lUCH01
_h1449
590 _aE8697GMM
_b05
_c20180313
_lUCH01
_h1001
590 _aE8697GMM
_b05
_c20180313
_lUCH01
_h1001
590 _aE8697GMM
_b05
_c20180314
_lUCH01
_h0927
590 _aE8697GMM
_b05
_c20180314
_lUCH01
_h0927
650 1 4 _aAgricultura de subsistencia
_xProgramas de capacitación.
_9134845
650 1 4 _aAgricultura de subsistencia
_xRendimiento.
_9134846
650 1 4 _aAgricultura de subsistencia
_zMéxico (D.F.).
_9134844
856 _aFinding aid
_uhttp://10.13.5.2/tesis/sist114618.pdf
_zTeclea aquí
901 _aBK
942 _cTESIS
942 _n0
999 _c111079
_d111079